01290cam a2200325 i 450000100090000000300040000900500170001300800410003001000170007102000180008802000250010602000150013104000280014604200080017405000210018208200220020310000290022524501820025425000250043626400300046130000620049150001770055350400530073065000410078365000270082470000410085170000270089270000270091970000180094618832897OSt20220723112119.0151026s2017 maua b 001 0 eng  a 2015041946 a9789353065591 a9780133852059 (hbk.) a0133852059 aDLCbengcDLCerdadDLC apcc00aRC454b.B87 201700a616.89223bBUT/A1 aHooley, Jill M.eauthor.10aAbnormal psychology /bJill M. Hooley, Harvard University, James N. Butcher, University of Minnesota, Matthew K. Nock, Harvard University, Susan Mineka, Northwestern University. aSeventeenth edition. 1aIndia :bPearson,c[2022] axxvi, 883 pages :billustrations (chiefly color) ;c29 cm aRevision of: Abnormal psychology / James N. Butcher, University of Minnesota, Susan Mineka, Northwestern University, Jill M. Hooley, Harvard University. Sixteenth edition. aIncludes bibliographical references and indexes. 0aPsychology, PathologicalvTextbooks. 0aPsychiatryvTextbooks.1 aButcher, James Neal,d1933-eauthor.1 aNock, Mattheweauthor.1 aMineka, Susaneauthor. aKapur, Preeti